[Event "Pinneberg-ch"]
[Site "Pinneberg"]
[Date "2016.09.29"]
[Round "5"]
[White "Haefeker, Jan Erik"]
[Black "Hotze, Kurt"]
[Result "0-1"]
[WhiteElo "1055"]
[BlackElo "1557"]
[PlyCount "94"]
[EventDate "2016.09.01"]
[EventType "swiss"]
[EventRounds "7"]
[EventCountry "GER"]
[SourceTitle "EXT 2018"]
[Source "ChessBase"]
[SourceDate "2017.10.13"]
[SourceVersion "1"]
[SourceVersionDate "2017.10.13"]
[SourceQuality "1"]

1. c4 c5 2. g3 g6 3. Bg2 Bg7 4. Nc3 Nc6 5. Nf3 b6 6. 0-0 Bb7 7. d3 Nd4 8. e4 Nf6 9. Nxd4 cxd4 10. Ne2 e5 11. f4 d6 12. f5 0-0 13. Bd2 Qc7 14. Kh1 Kh8 15. Ng1 Rae8 16. Nh3 Bc8 17. g4 Kg8 18. Bg5 h6 19. Bxf6 Bxf6 20. Qd2 g5 21. Ng1 Qd8 22. a4 a5 23. b4 axb4 24. Qxb4 Be7 25. Qb3 Qc7 26. Rfb1 Bd8 27. Ra2 Kg7 28. Rab2 Qa7 29. Bf3 Bd7 30. Ra1 Qa5 31. Ne2 Bc7 32. Qb4 Qc5 33. Nc1 Ra8 34. Bd1 Ra5 35. Qxc5 dxc5 36. Ne2 Rfa8 37. Rba2 b5 38. cxb5 Bxb5 39. Nc1 Bc6 40. Ne2 c4 41. Rc1 c3 42. Nxc3 dxc3 43. Rxc3 R5a6 44. Rac2 Bxa4 45. Rxc7 Bxc2 46. Bxc2 Ra1+ 47. Kg2 Rc1 0-1